Missing Word: Matthew Broderick Quiz Stats

Quiz Updated Mar 5, 2016

Challenge
Share
Tweet
Embed
Score 0/16 Timer 04:00
1 Play Today
Movie Missing Word % Correct
Ferris Bueller's ___ OffDay
96.7%
_________ GadgetInspector
91.9%
The Stepford _____Wives
88.6%
____ the HallsDeck
83.9%
You Can _____ On MeCount
78.7%
*The ____ King*Lion
63.6%
*The ____ of Despereaux*Tale
62.3%
The ____ to WellvilleRoad
43.9%
Movie Missing Word % Correct
The _____ GuyCable
37.9%
*___ Movie*Bee
30.1%
Strangers with _____Candy
30%
Wonderful _____World
20.9%
Diminished ________Capacity
18.2%
Mrs. Parker and the Vicious ______Circle
10.6%
Master Harold...and the ____Boys
6.8%
Finding ______Amanda
2.9%

Today's Daily Dose

Missing Word
Christmas Lyrics

On This Day
December 12th

You're not logged in!

Compare scores with friends on all Sporcle quizzes.
Sign Up with Email
OR
Log In

You Might Also Like...

Show Comments

Extras

Top Quizzes Today


Score Distribution

Your Account Isn't Verified!

In order to create a playlist on Sporcle, you need to verify the email address you used during registration. Go to your Sporcle Settings to finish the process.